000
00322nam a22001337a 4500
008
170609b xxu||||| |||| 00| 0 eng d
020
_a
393003418
041
_a
eng
080
_a
328
100
_a
19
101
_a
SHP
245
_a
NOMINATING THE PRESIDENT THE POLITICS OF CONVENTION CHOICE
_c
POMPER,G
942
_2
udc
_c
BK
999
_c
16738
_d
16738